|
|
|
|
| LEADER |
00000nam a2200000 a 4500 |
| 001 |
vtls001289466 |
| 003 |
SK-MaSNL |
| 005 |
20260425224905.0 |
| 008 |
240315s1997 xo 0 ita |
| 015 |
|
|
|a SNBE1998/01-00223
|
| 020 |
|
|
|a 8080481733
|
| 035 |
|
|
|a SNK000241087
|
| 040 |
|
|
|a SNK
|b slo
|c SNK
|e AACR2
|
| 041 |
0 |
|
|a ita
|
| 044 |
|
|
|a xo
|c SK
|
| 080 |
|
|
|a 908.437.6+32(437.6):33:339.174(450)(083. 9)=50
|2 1981
|
| 080 |
|
|
|a 32(437.6)
|2 1981
|
| 080 |
|
|
|a 33
|2 1981
|
| 100 |
1 |
|
|a Ehlichová, Katarína
|4 aut
|9 10710
|
| 245 |
1 |
|
|a Dal cuore dell'Europa al nord dell'Italia ; Slovacchiia - paese dell'anno
|b alla 75 Fiera Internazionale di Padova, 17-25 maggio 1997 : 75.medzinárodný veľtrh Padova
|c autore: Katarína Ehlichová ; traduzione Manuela Mascali ; foto Števo Kačena, Mikuláš Červeňanský, Zdeno Vlach
|
| 246 |
1 |
0 |
|a Zo srdca Európy na sever Talianska
|
| 246 |
1 |
0 |
|a Slovensko krajina roka
|
| 260 |
|
|
|a Bratislava
|b Slovenská informačná agentúra
|c 1997
|
| 300 |
|
|
|a 12 s.
|b fareb. fotogr., grafy
|c 30x21 cm
|
| 500 |
|
|
|a Súbež. náz. slov.
|
| 610 |
0 |
7 |
|a Medzinárodný veľtrh
|b 75.
|d 1997
|x spravodaje informačné
|2 SNK
|9 382869
|
| 611 |
1 |
7 |
|a Medzinárodný veľtrh
|n 75.
|d 1997
|c Padova, Taliansko
|x spravodaje informačné
|2 SNK
|9 382870
|
| 650 |
0 |
7 |
|a industrializácia
|2 SNKPH
|9 2289
|
| 651 |
|
7 |
|a Slovensko
|2 SNKPHgeo
|9 14231
|
| 655 |
|
7 |
|a informačné publikácie
|2 SNK
|9 70181
|
| 700 |
1 |
|
|a Mascali, Manuella
|4 trl
|9 45589
|
| 700 |
1 |
|
|a Kačena, Štefan,
|d 1951-
|4 fot
|9 10090
|
| 700 |
1 |
|
|a Červeňanský, Mikuláš,
|d 1939-2005
|4 fot
|9 7924
|
| 700 |
1 |
|
|a Vlach, Zdeno,
|d 1946-
|4 fot
|9 18148
|
| 711 |
1 |
|
|a Medzinárodný veľtrh
|n (75. :
|d 1997 :
|c Padova, Taliansko)
|4 ini
|9 35716
|
| 919 |
|
|
|a 80-8048-173-3
|
| 958 |
|
|
|a TL
|
| 958 |
|
|
|a BQ
|
| 999 |
|
|
|c 628686
|d 630616
|
| 952 |
|
|
|t P60, <03>, [BOOK], {603}
|a SNK
|b SNK
|y PREZ
|7 0
|p 17A0072914
|o snkOSB 11405
|i snkKSP 5852/97
|0 0
|1 0
|4 0
|d 1997-06-10
|l 0
|r 2005-01-02 00:00:00
|w 2026-02-23
|
| 952 |
|
|
|t P60, <04>, [BOOK], {604}
|a SNK
|b SNK
|y VYP
|7 0
|p 17A0072913
|o snkOSB 11405 D1
|i snkKSP 5853/97
|0 0
|1 0
|4 0
|d 1997-06-10
|l 0
|r 2005-01-02 00:00:00
|w 2026-02-23
|
| 952 |
|
|
|t P60, <09>, [BOOK], {629}
|a SNK
|b SNK
|y NEVYP
|7 0
|o snkB 700
|i snk2606/970613
|0 0
|1 0
|4 0
|d 1997-06-10
|l 0
|r 2005-01-02 00:00:00
|w 2026-02-23
|